Colné konanie je čoraz drahšia povinnosť

Globalizácia dodávateľského reťazca a rastúca dostupnosť tovarov zo vzdialeného zahraničia vytvára tlak na firmy, ktoré tovar na tunajší trh importujú. Úspech snahy o zvyšovanie dostupnosti tovarov z tretích krajín stojí okrem stabilnej dopravy aj na schopnosti zabezpečiť administratívne náležitosti...

ver descrição completa

Na minha lista:
Detalhes bibliográficos
Autor principal: Maťo, Vladimír
Formato: Capítulo de Livro
Idioma:eslovaco
Assuntos:
Tags: Adicionar Tag
Sem tags, seja o primeiro a adicionar uma tag!

MARC

LEADER 00000naa a2200000 4500
001 0302763
005 20240619102138.7
041 0 |a slo 
044 |a SK 
245 1 0 |a Colné konanie je čoraz drahšia povinnosť  |c Vladimír Maťo 
520 |a Globalizácia dodávateľského reťazca a rastúca dostupnosť tovarov zo vzdialeného zahraničia vytvára tlak na firmy, ktoré tovar na tunajší trh importujú. Úspech snahy o zvyšovanie dostupnosti tovarov z tretích krajín stojí okrem stabilnej dopravy aj na schopnosti zabezpečiť administratívne náležitosti importu. Colné konanie ako dynamicky sa meniaci proces môže byť pre dovozcov výzvou a stavia ich pred rozhodnutie, či na komplexnú administratívu vyčleniť vlastné kapacity, alebo využiť možnosť outsourcingu. 
610 2 0 |a konanie colné 
610 2 0 |a clá 
610 2 0 |a tovar 
610 2 0 |a outsourcing 
610 2 0 |a dovoz 
100 1 |a Maťo, Vladimír